000 00889nam a2200217Ia 4500
999 _c40069
_d40069
001 6675
003 GE_BSU
005 20191209172958.0
008 181216s1972||||ge |||||||||||||| ||geo||
040 _cGE_BSU
041 _ageo
080 _a821.353.1-32 გ-30
100 _aგელაშვილი, გიორგი
_95742
245 _aმარტოხელა მეზობელი :
_bმოთხრობები /
_cგიორგი გელაშვილი ; რედ. მ. წიკლაური.
264 _aთბილისი :
_bსაბჭოთა საქართველო,
_c1972.
300 _a250 გვ. ;
_c20 სმ.
653 _aმარტოხელა მეზობელი
653 _aმოთხრობები
700 _aწიკლაური, მ.
_eრედაქტორი
_93861
942 _cBK
_2udc